Star Alliance Members - Statistics

General Stats
  • This quiz has been taken 13 times
    8 since last reset
  • The average score is 20 of 40
Answer Stats
Answer % Correct
Aegean Airlines
86%
Air Canada
86%
All Nippon Airways
86%
Air China
71%
Egyptair
71%
Lufthansa
71%
Singapore Airlines
71%
South African Airways
71%
Air Dolomiti
57%
Air India
57%
Air New Zealand
57%
Austrian Airlines
57%
Avianca
57%
Avianca El Salvador
57%
Copa Airlines
57%
Ethiopian Airlines
57%
EVA Air
57%
LOT Polish Airlines
57%
Swiss International Air Lines
57%
TAP Air Portugal
57%
Turkish Airlines
57%
United Airlines
57%
Air Canada Express
43%
Air Canada Rouge
43%
Asiana Airlines
43%
Avianca Costa Rica
43%
Avianca Ecuador
43%
Avianca Guatemala
43%
Croatia Airlines
43%
Lufthansa CityLine
43%
Olympic Air
43%
Shenzhen Airlines
43%
Thai Airways International
43%
United Express
43%
Air China Inner Mongolia
29%
ANA Wings
29%
Dalian Airlines
29%
Copa Airlines Colombia
14%
Lufthansa City Airlines
14%
Brussls Airlines
0%
No matching quizzes found
Score Distribution
Percent of People with Each Score
Percentile by Number Answered
Your Score History
You have not taken this quiz since the last reset